000 00290nam a22001337a 4500
008 170912b xxu||||| |||| 00| 0 eng d
020 _a0697057577
041 _aeng
080 _23 ED
_a53
100 _a43
101 _aFIZ
245 _aPHYSICAL SCIENCE
_cPAYNE.CH.A
942 _2udc
_cBK
999 _c27343
_d27343